[Event "XL Mar del Plata International open"]
[Site "?"]
[Date "2009.04.07"]
[Round "4"]
[White "Epelboim, Matias"]
[Black "Flores, Nancy"]
[Result "0-1"]
[WhiteElo "2028"]
[BlackElo "1913"]
[PlyCount "58"]
[EventDate "2009.??.??"]
[SourceDate "2009.04.11"]

1. e4 c5 2. Nf3 d6 3. d4 cxd4 4. Nxd4 Nf6 5. Nc3 a6 6. Bc4 e6 7. Bb3 Nc6 8. Be3
e5 9. Nf5 Be6 10. Bg5 Bxf5 11. exf5 Nd4 12. Bxf6 Qxf6 13. Nd5 Qd8 14. Ne3 Rc8
15. Bd5 Qd7 16. O-O Be7 17. c3 Nc6 18. f4 Bf6 19. fxe5 Nxe5 20. Qb3 b5 21. a4
Qa7 22. Rfe1 Bg5 23. c4 bxc4 24. Qc3 Ng4 25. Qxg7 Bxe3+ 26. Kh1 Nf2+ 27. Kg1
Nd3+ 28. Kh1 Rf8 29. Re2 Nf4 0-1

[Event "XL Mar del Plata International open"]
[Site "?"]
[Date "2009.04.07"]
[Round "4"]
[White "Ortiz, Jorge"]
[Black "Fiori, Alberto Nicolas"]
[Result "0-1"]
[WhiteElo "1920"]
[BlackElo "2193"]
[PlyCount "84"]
[EventDate "2009.??.??"]
[SourceDate "2009.04.11"]

1. e4 c5 2. Nf3 d6 3. d4 cxd4 4. Nxd4 Nf6 5. Nc3 e6 6. Be2 Be7 7. Be3 O-O 8.
O-O Nc6 9. f4 e5 10. Nxc6 bxc6 11. fxe5 dxe5 12. Qxd8 Rxd8 13. Rad1 Rxd1 14.
Rxd1 Ng4 15. Bf2 Nxf2 16. Kxf2 Be6 17. a3 Bc5+ 18. Kf1 g6 19. g4 Kg7 20. Na4
Be7 21. c4 Rb8 22. Rc1 Kh6 23. Kg2 f5 24. gxf5 gxf5 25. exf5 Bxf5 26. Rc3 Rd8
27. Re3 e4 28. Bf1 Bg5 29. Re2 e3 30. Re1 Be4+ 31. Kg3 Rf8 32. Be2 Bd8 33. Rf1
Bc7+ 34. Kh4 Bd8+ 35. Kg3 Rg8+ 36. Kf4 Bg2 37. Rd1 Re8 38. Kg3 Be4 39. Kf4 Bc7+
40. Kg4 Rg8+ 41. Kh4 Bxh2 42. Nc3 Bf5 0-1

[Event "XL Mar del Plata International open"]
[Site "?"]
[Date "2009.04.07"]
[Round "4"]
[White "Saralegui Cassan, Mario"]
[Black "Martin, Luis"]
[Result "1/2-1/2"]
[WhiteElo "2148"]
[BlackElo "1873"]
[PlyCount "127"]
[EventDate "2009.??.??"]
[SourceDate "2009.04.11"]

1. d4 Nf6 2. Nf3 e6 3. c4 b6 4. g3 Bb7 5. Bg2 Be7 6. O-O O-O 7. Nc3 d5 8. cxd5
Nxd5 9. Qc2 Na6 10. Nxd5 exd5 11. a3 c5 12. Be3 c4 13. h4 f6 14. Rad1 Nc7 15.
Bc1 Nb5 16. h5 a5 17. Nh4 Nd6 18. Bf4 Qe8 19. Nf5 Nxf5 20. Qxf5 Qf7 21. e4 g6
22. hxg6 hxg6 23. Qd7 Bd8 24. Qxf7+ Rxf7 25. exd5 g5 26. Be3 Rd7 27. Bh3 Rd6
28. Be6+ Kg7 29. f4 Bxd5 30. Bxd5 Rxd5 31. Rf3 g4 32. Rf2 f5 33. Rh2 Bf6 34.
Kg2 Rh8 35. Rxh8 Kxh8 36. Rc1 b5 37. a4 bxa4 38. Rxc4 Rb5 39. Rxa4 Rxb2+ 40.
Kf1 Bd8 41. d5 Rb4 42. Rxb4 axb4 43. Bd4+ Kg8 44. Ke2 Kf7 45. Kd3 Be7 46. Kc4
Ke8 47. Be3 Kd7 48. Bd2 b3 49. Kxb3 Bc5 50. Be1 Be3 51. Kc4 Bg1 52. Kd3 Kd6 53.
Kc4 Bc5 54. Kd3 Kxd5 55. Ke2 Kd4 56. Bd2 Bf8 57. Be1 Bc5 58. Bd2 Bb6 59. Be1
Bc5 60. Bd2 Kd5 61. Ba5 Ke4 62. Be1 Be3 63. Bc3 Bg1 64. Be5 1/2-1/2

[Event "XL Mar del Plata International open"]
[Site "?"]
[Date "2009.04.07"]
[Round "4"]
[White "Prieto, Ernesto"]
[Black "Mazzochi, Facundo Tomas"]
[Result "1-0"]
[WhiteElo "2142"]
[BlackElo "1829"]
[PlyCount "49"]
[EventDate "2009.??.??"]
[SourceDate "2009.04.11"]

1. e4 Nf6 2. Nc3 d5 3. exd5 Nxd5 4. Bc4 e6 5. Nf3 Nc6 6. O-O Be7 7. Re1 O-O 8.
d4 Bf6 9. Ne4 Nce7 10. Bb3 Nf5 11. c4 Nb6 12. Nxf6+ Qxf6 13. Bg5 Qg6 14. Qd2 h6
15. Bf4 c6 16. Kh1 Kh8 17. Ne5 Qf6 18. g4 Nh4 19. Bc2 g5 20. Bg3 Nd7 21. Qd3
Qg7 22. Nxd7 Bxd7 23. Bd6 Rfe8 24. Be5 f6 25. Bxf6 1-0

[Event "XL Mar del Plata International open"]
[Site "?"]
[Date "2009.04.08"]
[Round "5"]
[White "Calderon Fernandez, Gerbacio"]
[Black "Duarte, Leonardo"]
[Result "1/2-1/2"]
[WhiteElo "2302"]
[BlackElo "2349"]
[PlyCount "57"]
[EventDate "2009.??.??"]
[SourceDate "2009.04.12"]

1. Nf3 Nf6 2. c4 c5 3. Nc3 d5 4. cxd5 Nxd5 5. g3 e6 6. Bg2 Be7 7. Qa4+ Bd7 8.
Qb3 Nxc3 9. dxc3 Bc6 10. O-O Nd7 11. Rd1 Qb6 12. Qc2 O-O 13. Bg5 Bxg5 14. Nxg5
Nf6 15. Rd6 Rad8 16. Rad1 Rxd6 17. Rxd6 h6 18. Nf3 Qa5 19. Rd2 Qxa2 20. Ne5
Bxg2 21. Kxg2 Qa5 22. Nd7 Nxd7 23. Rxd7 b5 24. Qd2 c4 25. Qf4 a6 26. g4 Qa2 27.
Qd2 Qa5 28. Qd4 Qa2 29. Qd2 1/2-1/2

[Event "XL Mar del Plata International open"]
[Site "?"]
[Date "2009.04.08"]
[Round "5"]
[White "Alonso, Salvador"]
[Black "Moreda, Lucas"]
[Result "1-0"]
[WhiteElo "2489"]
[BlackElo "2322"]
[PlyCount "49"]
[EventDate "2009.??.??"]
[SourceDate "2009.04.12"]

1. e4 c6 2. d4 d5 3. Nd2 dxe4 4. Nxe4 Nf6 5. Nxf6+ gxf6 6. c3 e5 7. Bc4 Nd7 8.
Qh5 Qe7 9. Nf3 Nb6 10. Bb3 Rg8 11. dxe5 Rxg2 12. Kf1 Rg6 13. exf6 Qc5 14. Bg5
Qb5+ 15. Kg2 Nd5 16. Rhe1+ Be6 17. Rxe6+ fxe6 18. f7+ Kd7 19. Ne5+ Kc7 20. Nxg6
hxg6 21. Qg4 Qd3 22. Qxe6 Bd6 23. Rd1 Qa6 24. Bxd5 cxd5 25. Rxd5 1-0

[Event "XL Mar del Plata International open"]
[Site "?"]
[Date "2009.04.08"]
[Round "5"]
[White "Mussanti, Diego"]
[Black "Pierrot, Facundo"]
[Result "0-1"]
[WhiteElo "2327"]
[BlackElo "2422"]
[PlyCount "48"]
[EventDate "2009.??.??"]
[SourceDate "2009.04.12"]

1. e4 e5 2. Nf3 Nc6 3. d4 exd4 4. Nxd4 Bc5 5. Be3 Qf6 6. c3 Nge7 7. Bc4 Ne5 8.
Be2 Qg6 9. O-O d6 10. Kh1 Qxe4 11. Nd2 Qg6 12. Nb5 O-O 13. Nxc7 Rb8 14. Bf4 Bd7
15. Bg3 Bc6 16. Nb5 Nf5 17. Nb3 Bxf2 18. Rxf2 Nxg3+ 19. hxg3 Bxb5 20. Bxb5 Ng4
21. Rd2 Qh5+ 22. Kg1 Qh2+ 23. Kf1 Ne3+ 24. Kf2 Qxg2+ 0-1

[Event "XL Mar del Plata International open"]
[Site "?"]
[Date "2009.04.08"]
[Round "5"]
[White "Van Riemsdijk, Herman Claudius"]
[Black "Zamorano, Jorge"]
[Result "1-0"]
[WhiteElo "2375"]
[BlackElo "2247"]
[PlyCount "43"]
[EventDate "2009.??.??"]
[SourceDate "2009.04.12"]

1. e4 d6 2. d4 Nf6 3. Nc3 g6 4. g3 Bg7 5. Bg2 O-O 6. Nge2 e5 7. O-O c6 8. a4 a5
9. h3 Na6 10. Be3 Qc7 11. Re1 Nb4 12. Na2 Nxa2 13. Rxa2 Re8 14. Nc3 exd4 15.
Bxd4 Be6 16. Ra1 Rad8 17. Qd2 d5 18. exd5 Nxd5 19. Bxg7 Kxg7 20. Nxd5 Bxd5 21.
Qc3+ Kg8 22. Rxe8+ 1-0

[Event "XL Mar del Plata International open"]
[Site "?"]
[Date "2009.04.08"]
[Round "5"]
[White "De Dovittis, Alejo"]
[Black "Mavrich, Demian"]
[Result "1-0"]
[WhiteElo "2346"]
[BlackElo "2217"]
[PlyCount "69"]
[EventDate "2009.??.??"]
[SourceDate "2009.04.12"]

1. e4 c5 2. Nf3 d6 3. d4 cxd4 4. Nxd4 Nf6 5. Nc3 a6 6. g3 e6 7. Bg2 Be7 8. O-O
Qc7 9. Be3 Bd7 10. Re1 O-O 11. a4 Nc6 12. Nxc6 Bxc6 13. a5 Nd7 14. Bd4 Bf6 15.
Ne2 Bxd4 16. Nxd4 b5 17. axb6 Nxb6 18. Re3 Bb7 19. Rc3 Qe7 20. Nc6 Qd7 21. Na5
Nc8 22. Qd2 Rd8 23. Raa3 Na7 24. Rab3 Rab8 25. Rd3 Ba8 26. Rxd6 Qc7 27. Rxb8
Rxb8 28. Rd7 Qb6 29. Nc4 Qc5 30. b4 Qf8 31. Rxa7 Bc6 32. Qd6 Qe8 33. Re7 Qd8
34. Qxd8+ Rxd8 35. h4 1-0

[Event "XL Mar del Plata International open"]
[Site "?"]
[Date "2009.04.08"]
[Round "5"]
[White "Contin, Daniel"]
[Black "Lopez Gomez, Diego"]
[Result "1-0"]
[WhiteElo "2321"]
[BlackElo "2165"]
[PlyCount "67"]
[EventDate "2009.??.??"]
[SourceDate "2009.04.12"]

1. e4 c5 2. Nf3 Nc6 3. Bb5 g6 4. O-O Bg7 5. c3 Nf6 6. Re1 O-O 7. d4 d5 8. e5
Ne4 9. Bd3 Bg4 10. h3 Bxf3 11. gxf3 Nxf2 12. Kxf2 cxd4 13. cxd4 Qb6 14. Kg2
Qxd4 15. f4 g5 16. Nc3 gxf4 17. Nb5 f3+ 18. Qxf3 Qh4 19. Bf4 e6 20. Kh2 f6 21.
Bg3 Qb4 22. exf6 Rxf6 23. Qg2 Kh8 24. a3 Qb3 25. Qc2 Qxc2+ 26. Bxc2 a6 27. Nc7
Nd4 28. Nxa8 Nxc2 29. Rac1 Nxe1 30. Rc8+ Rf8 31. Rxf8+ Bxf8 32. Bxe1 Bg7 33. b3
Bb2 34. Nc7 1-0

[Event "XL Mar del Plata International open"]
[Site "?"]
[Date "2009.04.08"]
[Round "5"]
[White "Di Muro, Matias"]
[Black "Fidel, Roberto Oscar"]
[Result "1-0"]
[WhiteElo "2231"]
[BlackElo "2156"]
[PlyCount "77"]
[EventDate "2009.??.??"]
[SourceDate "2009.04.12"]

1. e4 e6 2. d4 d5 3. Nc3 Bb4 4. e5 c5 5. a3 Ba5 6. Bd2 cxd4 7. Nb5 Bc7 8. f4
Nc6 9. Nf3 Nge7 10. Bd3 a6 11. Nxc7+ Qxc7 12. O-O Bd7 13. Kh1 Rc8 14. Qe1 Nf5
15. g4 Ne3 16. Bxe3 dxe3 17. Qxe3 h5 18. Qg1 Ne7 19. gxh5 Rxh5 20. Qxg7 Nf5 21.
Qg4 Rh8 22. Bxf5 exf5 23. Qg7 Rf8 24. e6 fxe6 25. Nd4 Rf7 26. Qg6 Qc4 27. c3
Kf8 28. Rfe1 Qd3 29. Qh6+ Ke7 30. Rad1 Qc4 31. Nxe6 Bxe6 32. Qxe6+ Kf8 33. Qd6+
Kg8 34. Rg1+ Rg7 35. Rxg7+ Kxg7 36. Rg1+ Kf7 37. Qd7+ Kf6 38. Qg7+ Ke6 39. Rg6#
1-0

[Event "XL Mar del Plata International open"]
[Site "?"]
[Date "2009.04.08"]
[Round "5"]
[White "Alpern, Adrian"]
[Black "Lovece, Ruth"]
[Result "1-0"]
[WhiteElo "2179"]
[BlackElo "2016"]
[PlyCount "41"]
[EventDate "2009.??.??"]
[SourceDate "2009.04.12"]

1. e4 c5 2. Nf3 d6 3. c3 Nf6 4. Bc4 Nc6 5. d3 a6 6. a4 e6 7. Bb3 Be7 8. O-O O-O
9. Bg5 h6 10. Bh4 e5 11. Nbd2 Be6 12. Nc4 b5 13. Bxf6 Bxf6 14. axb5 axb5 15.
Rxa8 Qxa8 16. Nxd6 c4 17. dxc4 Rd8 18. c5 Bc4 19. Bxc4 bxc4 20. Qd5 Rd7 21. Nd2
1-0

[Event "XL Mar del Plata International open"]
[Site "?"]
[Date "2009.04.08"]
[Round "5"]
[White "Flores, Nancy"]
[Black "Covas, Guillermo Maximilian"]
[Result "1-0"]
[WhiteElo "1913"]
[BlackElo "2167"]
[PlyCount "95"]
[EventDate "2009.04.12"]
[SourceDate "2009.04.12"]

1. Nf3 Nf6 2. g3 d5 3. c4 d4 4. d3 c5 5. e3 Nc6 6. Bg2 e5 7. exd4 cxd4 8. O-O
Bd6 9. Re1 O-O 10. a3 a5 11. Qc2 Nd7 12. Ng5 Nc5 13. Bd5 h6 14. Ne4 Ne7 15.
Nxc5 Nxd5 16. cxd5 Qc7 17. Bxh6 gxh6 18. Rc1 Bf5 19. Ne4 Qxc2 20. Rxc2 Bxe4 21.
dxe4 Rfc8 22. Rxc8+ Rxc8 23. Nd2 Rc2 24. Rd1 b6 25. b3 a4 26. b4 Kf8 27. Kg2
Ke8 28. h4 b5 29. g4 Rc3 30. Nb1 Rb3 31. g5 hxg5 32. h5 Bf8 33. Rc1 Kd7 34. f3
Bh6 35. Rf1 Rb2+ 36. Kg3 g4 37. Kxg4 d3 38. Kf5 Bf4 39. Rh1 Ke7 40. Nc3 Rg2 41.
d6+ Kxd6 42. Kf6 Kc6 43. Kxf7 Rc2 44. h6 Bxh6 45. Rxh6+ Kd7 46. Nxb5 d2 47.
Rd6+ Kc8 48. Ke6 1-0

[Event "XL Mar del Plata International open"]
[Site "?"]
[Date "2009.04.08"]
[Round "5"]
[White "Rivas, Lucas Matias"]
[Black "Prieto, Ernesto"]
[Result "1-0"]
[WhiteElo "1967"]
[BlackElo "2142"]
[PlyCount "91"]
[EventDate "2009.04.12"]
[SourceDate "2009.04.12"]

1. d4 Nf6 2. c4 g6 3. Nc3 d5 4. Nf3 Bg7 5. Qb3 c6 6. Bf4 O-O 7. e3 Qa5 8. Be2
dxc4 9. Bxc4 b5 10. Be2 Be6 11. Qc2 b4 12. Qa4 Qb6 13. Nb1 Nd5 14. Be5 f6 15.
Bg3 a5 16. Nbd2 Rc8 17. e4 Nc7 18. Nc4 Qa7 19. O-O Bf7 20. Rac1 Ne6 21. Rfd1 c5
22. d5 Be8 23. Qc2 Nf8 24. e5 a4 25. d6 e6 26. exf6 Bxf6 27. Nce5 Qg7 28. Bc4
Nbd7 29. Qe2 Ra7 30. b3 a3 31. Re1 h5 32. h4 Nxe5 33. Nxe5 Bxe5 34. Bxe5 Qf7
35. Rcd1 Bc6 36. Rd3 Bd5 37. Rg3 Bxc4 38. bxc4 Kh7 39. Ba1 Re8 40. Rf3 Qg8 41.
Rf5 exf5 42. Qxe8 Qf7 43. Qe5 Qg8 44. Qxc5 Rf7 45. Re7 Nd7 46. Qd4 1-0

[Event "XL Mar del Plata International open"]
[Site "?"]
[Date "2009.04.08"]
[Round "5"]
[White "Virgillito, Cristian"]
[Black "Casares, Luis"]
[Result "1-0"]
[WhiteElo "2216"]
[BlackElo "2035"]
[PlyCount "61"]
[EventDate "2009.04.12"]
[SourceDate "2009.04.12"]

1. e4 c5 2. Nf3 d6 3. d4 cxd4 4. Nxd4 Nf6 5. Nc3 a6 6. Be3 e5 7. Nb3 Be6 8. Be2
Be7 9. f4 Nc6 10. f5 Bxb3 11. axb3 Rc8 12. g4 Nd7 13. Qd2 Bh4+ 14. Kf1 Nd4 15.
Rg1 d5 16. exd5 Nb6 17. g5 Nxd5 18. Bxd4 exd4 19. Qxd4 Nxc3 20. Qxg7 Rf8 21.
bxc3 Rc5 22. Bd3 Qd5 23. Rg2 Qd6 24. Qd4 Qxd4 25. cxd4 Rd5 26. Rg4 Bxg5 27.
Rxg5 Rxd4 28. Re1+ Kd8 29. Rh5 Rd5 30. Ke2 Rg8 31. Rxh7 1-0

[Event "XL Mar del Plata International open"]
[Site "?"]
[Date "2009.04.08"]
[Round "5"]
[White "Fiori, Alberto Nicolas"]
[Black "Lopez Paz, Nestor"]
[Result "1-0"]
[WhiteElo "2193"]
[BlackElo "2010"]
[PlyCount "61"]
[EventDate "2009.04.12"]
[SourceDate "2009.04.12"]

1. e4 e6 2. d4 c5 3. Nf3 cxd4 4. Nxd4 Nc6 5. Nc3 Nf6 6. Nxc6 bxc6 7. Bd3 Bb4 8.
O-O e5 9. Qe2 O-O 10. Kh1 h6 11. f4 Bxc3 12. bxc3 d6 13. h3 Qe7 14. fxe5 dxe5
15. a4 c5 16. Qf3 Nh7 17. Qg3 Kh8 18. Rb1 f6 19. h4 Be6 20. Ba3 Qc7 21. Rb5
Rfb8 22. Rxc5 Qd7 23. Bb5 Rxb5 24. axb5 Rc8 25. Rxc8+ Qxc8 26. Rd1 Bc4 27. Be7
Qb7 28. Rd8+ Bg8 29. Bb4 Qxb5 30. Qd3 Qb7 31. Qc4 1-0

[Event "XL Mar del Plata International open"]
[Site "?"]
[Date "2009.04.08"]
[Round "5"]
[White "Ramis, Jorge Luis"]
[Black "Aguilar, Andres"]
[Result "0-1"]
[WhiteElo "2018"]
[BlackElo "2192"]
[PlyCount "82"]
[EventDate "2009.04.12"]
[SourceDate "2009.04.12"]

1. e4 c5 2. Nf3 Nc6 3. d4 cxd4 4. Nxd4 Nf6 5. Nc3 d6 6. Bg5 e6 7. Qd2 Be7 8.
O-O-O Nxd4 9. Qxd4 O-O 10. f3 a6 11. Kb1 Qc7 12. g4 b5 13. Qd2 Bb7 14. Bd3 Bc6
15. h4 b4 16. Ne2 a5 17. Nd4 Rab8 18. h5 Rfc8 19. Be3 Nd7 20. g5 Nc5 21. g6 Bf6
22. gxf7+ Kxf7 23. Ne2 Bc3 24. Qc1 Nxd3 25. cxd3 Ba4 26. b3 Bd7 27. Nxc3 bxc3
28. Kc2 a4 29. Rdg1 axb3+ 30. axb3 Ra8 31. Bh6 Ra2+ 32. Kb1 c2+ 33. Kxa2 Rg8
34. Bxg7 Rxg7 35. h6 Rxg1 36. Rxg1 Qc5 37. Rg7+ Ke8 38. Rg8+ Ke7 39. Qa3 Qxa3+
40. Kxa3 c1=Q+ 41. Ka2 Qxh6 0-1

[Event "XL Mar del Plata International open"]
[Site "?"]
[Date "2009.04.08"]
[Round "5"]
[White "Daneri, Martin"]
[Black "Aguinaga, Maximiliano"]
[Result "1-0"]
[WhiteElo "2149"]
[BlackElo "2002"]
[PlyCount "51"]
[EventDate "2009.04.12"]
[SourceDate "2009.04.12"]

1. e4 c5 2. Nc3 Nc6 3. Bb5 e5 4. d3 d6 5. f4 Nge7 6. Nf3 a6 7. Bc4 b5 8. Bb3 h6
9. O-O Qb6 10. Bxf7+ Kxf7 11. fxe5 Ke6 12. Ng5+ Kd7 13. exd6 hxg5 14. dxe7 c4+
15. Kh1 Bxe7 16. Bxg5 Qc5 17. dxc4+ Ke8 18. Bxe7 Nxe7 19. Qf3 Qh5 20. Qg3 Bb7
21. h3 g5 22. Qc7 Bc8 23. Nd5 Nxd5 24. Qc6+ Ke7 25. cxd5 Bxh3 26. Qb7+ 1-0

[Event "XL Mar del Plata International open"]
[Site "?"]
[Date "2009.04.08"]
[Round "5"]
[White "Cristobal, Manuel"]
[Black "Di Giannantonio, Nino"]
[Result "1-0"]
[WhiteElo "2145"]
[BlackElo "1989"]
[PlyCount "69"]
[EventDate "2009.04.12"]
[SourceDate "2009.04.12"]

1. e4 c5 2. Nf3 e6 3. d4 cxd4 4. Nxd4 Nf6 5. Nc3 Nc6 6. Nxc6 bxc6 7. e5 Nd5 8.
Ne4 Qc7 9. f4 Qb6 10. c4 Ne3 11. Qd3 Nf5 12. b3 Bb4+ 13. Bd2 Bxd2+ 14. Qxd2 h5
15. c5 Qc7 16. Bc4 a5 17. O-O-O Ba6 18. Bxa6 Rxa6 19. g3 Ne7 20. Nd6+ Kf8 21.
Rdf1 Qa7 22. Qd4 g6 23. h3 Nf5 24. Nxf5 gxf5 25. g4 hxg4 26. hxg4 Rg8 27. Qd6+
Ke8 28. gxf5 a4 29. f6 Kd8 30. b4 a3 31. Qe7+ Kc8 32. Qxf7 Rd8 33. Qe7 Qb7 34.
f7 Qxb4 35. Qxd8+ 1-0

[Event "XL Mar del Plata International open"]
[Site "?"]
[Date "2009.04.08"]
[Round "5"]
[White "Celestino, Guillermo"]
[Black "Romero, Fabian"]
[Result "1-0"]
[WhiteElo "2141"]
[BlackElo "1966"]
[PlyCount "59"]
[EventDate "2009.04.12"]
[SourceDate "2009.04.12"]

1. d4 Nf6 2. c4 e6 3. Nc3 Bb4 4. e3 b6 5. Bd3 Bb7 6. Nge2 Bxg2 7. Rg1 Be4 8. a3
Bxc3+ 9. Nxc3 Bg6 10. e4 d5 11. cxd5 exd5 12. e5 Ne4 13. Qf3 Nc6 14. Bb5 Qd7
15. Nxe4 O-O-O 16. Nc5 Qe8 17. Nb3 Nxe5 18. Ba6+ Kb8 19. dxe5 Qxe5+ 20. Be2
Rhe8 21. Rg5 f5 22. Kf1 Re6 23. Be3 Qxh2 24. Nd4 Red6 25. Bf4 Qh4 26. Bxd6 Qxg5
27. Nc6+ Kb7 28. Nxd8+ Qxd8 29. Qxd5+ c6 30. Qe5 1-0

[Event "XL Mar del Plata International open"]
[Site "?"]
[Date "2009.04.08"]
[Round "5"]
[White "Weil, Dany"]
[Black "Cervetto, Esteban"]
[Result "0-1"]
[WhiteElo "1966"]
[BlackElo "2128"]
[PlyCount "86"]
[EventDate "2009.04.12"]
[SourceDate "2009.04.12"]

1. d4 Nf6 2. c4 g6 3. Nc3 Bg7 4. e4 d6 5. f3 O-O 6. Be3 e5 7. d5 c6 8. Qd2 cxd5
9. cxd5 Nbd7 10. Nh3 Nh5 11. g4 Nb6 12. Bg5 Bf6 13. O-O-O Bxg5 14. Nxg5 Nf4 15.
h4 h6 16. Qh2 Kg7 17. Nh3 Qxh4 18. Nxf4 Qxh2 19. Rxh2 exf4 20. Bd3 Bd7 21. Rdh1
Rh8 22. Ne2 g5 23. Nd4 a6 24. b3 Nc8 25. Kb2 Ne7 26. Re2 Ng6 27. a4 Nh4 28. e5
dxe5 29. Rxe5 Rae8 30. Rhe1 Rxe5 31. Rxe5 Re8 32. Rxe8 Bxe8 33. Nf5+ Kf6 34.
Nxh6 Nxf3 35. Kc3 Ne5 36. Be4 Bd7 37. Ng8+ Kg7 38. Ne7 Nxg4 39. d6 b5 40. Bf5
Nf6 41. axb5 axb5 42. Kd4 g4 43. Bxd7 Nxd7 0-1

[Event "XL Mar del Plata International open"]
[Site "?"]
[Date "2009.04.08"]
[Round "5"]
[White "Sandoval, Teofilo"]
[Black "Gualpa, Carlos Alberto"]
[Result "1-0"]
[WhiteElo "2121"]
[BlackElo "1925"]
[PlyCount "117"]
[EventDate "2009.04.12"]
[SourceDate "2009.04.12"]

1. e4 e5 2. Bc4 Bc5 3. d3 d6 4. Nf3 Nf6 5. Qe2 h6 6. Be3 Bb6 7. b4 Nc6 8. c3
Bxe3 9. Qxe3 a6 10. Nbd2 b5 11. Bb3 Bb7 12. a4 Ne7 13. O-O Ng6 14. h3 O-O 15.
Rfe1 Re8 16. Nf1 Nf4 17. Ng3 c5 18. Ne2 Ne6 19. Red1 Qc7 20. Bxe6 Rxe6 21. axb5
axb5 22. Rxa8+ Bxa8 23. Ra1 Re8 24. Nd2 Rc8 25. bxc5 dxc5 26. c4 b4 27. Nb3 Nd7
28. f4 exf4 29. Qxf4 Qc6 30. Ng3 Re8 31. Ra5 Ne5 32. Qe3 Nd7 33. Nxc5 Nxc5 34.
Qxc5 Qxc5+ 35. Rxc5 Rb8 36. Rb5 Rxb5 37. cxb5 Kf8 38. Kf2 Ke7 39. Ke3 Kd6 40.
d4 g6 41. Ne2 Kc7 42. d5 f5 43. exf5 gxf5 44. Nf4 b3 45. Kd3 b2 46. Kc2 b1=Q+
47. Kxb1 Kd6 48. Kb2 Bxd5 49. Nxd5 Kxd5 50. Kb3 Kc5 51. Ka4 Kb6 52. g3 Kb7 53.
Kb4 Kb6 54. Kc4 h5 55. h4 Kb7 56. Kd5 Kb6 57. Ke5 Kxb5 58. Kxf5 Kc6 59. Kg5 1-0

[Event "XL Mar del Plata International open"]
[Site "?"]
[Date "2009.04.08"]
[Round "5"]
[White "Diaz, Gerardo"]
[Black "Cristobal, Ruben"]
[Result "1-0"]
[WhiteElo "1921"]
[BlackElo "2237"]
[PlyCount "59"]
[EventDate "2009.04.12"]
[SourceDate "2009.04.12"]

1. d4 Nf6 2. Nf3 c5 3. e3 e6 4. c3 b6 5. Bd3 Bb7 6. Nbd2 Be7 7. O-O O-O 8. Re1
d5 9. Ne5 Nbd7 10. f4 a5 11. Qe2 c4 12. Bc2 b5 13. e4 Nb6 14. f5 exf5 15. exf5
Re8 16. Qf3 Ra7 17. Nf1 Nc8 18. Ng3 Nd6 19. Nh5 Nde4 20. Rxe4 dxe4 21. Nxf6+
Bxf6 22. Qg3 Bd5 23. Be3 Qc8 24. Rf1 b4 25. Ng4 Ra6 26. Bh6 Bd8 27. f6 Bc7 28.
Bxg7 h5 29. Ne5 Bxe5 30. Qg5 1-0

[Event "XL Mar del Plata International open"]
[Site "?"]
[Date "2009.04.09"]
[Round "6"]
[White "Duarte, Leonardo"]
[Black "Alonso, Salvador"]
[Result "0-1"]
[WhiteElo "2349"]
[BlackElo "2489"]
[PlyCount "82"]
[EventDate "2009.04.12"]
[SourceDate "2009.04.12"]

1. e4 c5 2. Nf3 d6 3. d4 cxd4 4. Nxd4 Nf6 5. Nc3 g6 6. g3 Bg7 7. Bg2 O-O 8. O-O
Nc6 9. Nde2 Rb8 10. a4 a6 11. Nd5 b5 12. axb5 axb5 13. Bg5 Nd7 14. c3 h6 15.
Be3 e6 16. Nb4 Nxb4 17. cxb4 Ne5 18. Bd4 Bb7 19. b3 d5 20. f4 Nc6 21. Bxg7 Kxg7
22. f5 dxe4 23. fxg6 Ne5 24. gxf7 Nf3+ 25. Kh1 Qxd1 26. Raxd1 e5 27. Rd7 Ba8
28. Nc3 Rbd8 29. Ra7 Rxf7 30. Ra2 Bc6 31. Re2 Rd4 32. Re3 Rd3 33. Nd1 Rfd7 34.
Rxd3 Rxd3 35. Bxf3 exf3 36. Kg1 Rd2 37. Nf2 e4 38. Rd1 Ra2 39. Rc1 e3 40. Ng4
Rg2+ 41. Kh1 f2 0-1

[Event "XL Mar del Plata International open"]
[Site "?"]
[Date "2009.04.09"]
[Round "6"]
[White "Pierrot, Facundo"]
[Black "Van Riemsdijk, Herman Claudius"]
[Result "1/2-1/2"]
[WhiteElo "2422"]
[BlackElo "2375"]
[PlyCount "91"]
[EventDate "2009.04.12"]
[SourceDate "2009.04.13"]

1. e4 c5 2. Nf3 e6 3. d4 cxd4 4. Nxd4 Nf6 5. Nc3 Nc6 6. Nxc6 bxc6 7. e5 Nd5 8.
Ne4 Qc7 9. f4 Qb6 10. c4 Ne3 11. Qd3 Bb4+ 12. Bd2 O-O 13. Rc1 a5 14. b3 f5 15.
exf6 d5 16. c5 dxe4 17. Qxe3 Bxd2+ 18. Qxd2 Qc7 19. Qd6 Qxd6 20. cxd6 Bd7 21.
fxg7 Rxf4 22. g3 Rf5 23. Bg2 Kxg7 24. Ke2 Raf8 25. Rhf1 Rxf1 26. Bxf1 Rf5 27.
Ke3 Rd5 28. Kxe4 Kf6 29. Bc4 Rxd6 30. Rf1+ Ke7 31. Rf4 Be8 32. Rf2 c5 33. Ke5
Rd1 34. g4 Bc6 35. g5 Rg1 36. Kf4 e5+ 37. Kxe5 Rxg5+ 38. Rf5 Rg7 39. Kf4 Kd6
40. Rf6+ Kc7 41. Rh6 a4 42. bxa4 Bxa4 43. Bd3 Rg2 44. Rxh7+ Kb6 45. Bc4 Bb5 46.
Bxb5 1/2-1/2

[Event "XL Mar del Plata International open"]
[Site "?"]
[Date "2009.04.09"]
[Round "6"]
[White "Cejas, Jose Angel"]
[Black "Calderon Fernandez, Gervasio"]
[Result "0-1"]
[WhiteElo "2336"]
[BlackElo "2302"]
[PlyCount "74"]
[EventDate "2009.04.12"]
[SourceDate "2009.04.13"]

1. d4 Nf6 2. Nf3 g6 3. Nc3 d5 4. Bg5 Bg7 5. e3 O-O 6. Be2 Bf5 7. O-O c6 8. Ne5
Nbd7 9. f4 Nxe5 10. fxe5 Ne4 11. Nxe4 Bxe4 12. Bd3 Bxd3 13. Qxd3 f6 14. exf6
exf6 15. Bh4 Qd7 16. Rf3 Rae8 17. Raf1 f5 18. Bg3 Re4 19. Qd2 Rfe8 20. Bf4 Qe7
21. Qf2 g5 22. Be5 Bxe5 23. dxe5 Rxe5 24. Rxf5 Rxf5 25. Qxf5 Qxe3+ 26. Kh1 Qe7
27. Qg4 Rf8 28. Rxf8+ Kxf8 29. Qg3 Kf7 30. h3 h5 31. c3 a6 32. Qf2+ Kg6 33. Qd4
Qe4 34. Qb6 g4 35. hxg4 hxg4 36. Qxb7 g3 37. Qxc6+ Kg5 0-1

[Event "XL Mar del Plata International open"]
[Site "?"]
[Date "2009.04.09"]
[Round "6"]
[White "Herrera, Martin"]
[Black "De Dovittis, Alejo"]
[Result "0-1"]
[WhiteElo "2178"]
[BlackElo "2346"]
[PlyCount "64"]
[EventDate "2009.04.12"]
[SourceDate "2009.04.13"]

1. e4 e6 2. d3 d5 3. Qe2 Ne7 4. g3 c5 5. Bg2 Nbc6 6. c3 g6 7. h4 dxe4 8. Bxe4
Bg7 9. Nh3 e5 10. Be3 O-O 11. Na3 Re8 12. h5 f5 13. Bg2 Be6 14. hxg6 hxg6 15.
Bxc5 Bd5 16. Bxe7 Rxe7 17. O-O Bf6 18. f3 Rh7 19. Nc4 Kg7 20. Ne3 Ne7 21. f4
Qb6 22. fxe5 Bxe5 23. d4 Bxg2 24. Nxf5+ Nxf5 25. Qxe5+ Kg8 26. Kxg2 Qxb2+ 27.
Nf2 Re7 28. Qd5+ Kg7 29. Rae1 Rae8 30. Rxe7+ Rxe7 31. Kh3 Qe2 32. Qg2 Qh5# 0-1

[Event "XL Mar del Plata International open"]
[Site "?"]
[Date "2009.04.09"]
[Round "6"]
[White "Bianchi, Albino"]
[Black "Contin, Daniel"]
[Result "0-1"]
[WhiteElo "2102"]
[BlackElo "2321"]
[PlyCount "62"]
[EventDate "2009.04.12"]
[SourceDate "2009.04.13"]

1. e4 e6 2. d4 d5 3. Nd2 c5 4. Ngf3 a6 5. dxc5 Bxc5 6. Bd3 Nc6 7. exd5 exd5 8.
O-O Nge7 9. Nb3 Bb6 10. h3 Qd6 11. c3 O-O 12. Re1 Nf5 13. Nbd4 Ncxd4 14. cxd4
Bd7 15. Re5 Nxd4 16. Bxh7+ Kxh7 17. Rh5+ Kg8 18. Nxd4 Rae8 19. Be3 g6 20. Rh6
Rxe3 21. fxe3 Qg3 22. Qe1 Qg5 23. Rh4 Re8 24. Rd1 Rxe3 25. Qf2 Bxh3 26. Rf1 f5
27. Rc1 Kg7 28. Rxh3 Bxd4 29. Rc7+ Kf6 30. Kf1 Re4 31. Qc2 Qf4+ 0-1